| 000 | 00672nam a2200217 a 4500 | ||
|---|---|---|---|
| 001 | BRCA_1433 | ||
| 005 | 20190320203427.0 | ||
| 008 | 951103s1988 mx-#---###---#000-0#spa-d | ||
| 020 | _a9682920388 | ||
| 041 | _aspa | ||
| 050 | 4 |
_aNK844 _b.M37 1988 |
|
| 100 | 1 |
_aMartínez Peñaloza, Porfirio _91788 |
|
| 245 | 1 | 0 |
_aArte popular y artesanías artísticas en México _bun acercamiento _cPorfirio Martínez Peñaloza. |
| 260 |
_aMéxico _bSEP _c1988 |
||
| 300 |
_a135 p. _bil. _c21 cm. |
||
| 440 | 0 |
_aLecturas mexicanas _v108 _94691 |
|
| 504 | _aBibliografía : p. 115-135 | ||
| 650 | 1 | 4 |
_aArte popular _zMéxico _9882 |
| 650 | 1 | 4 |
_aArtesanías _zMéxico _93976 |
| 942 |
_2lcc _cB |
||
| 999 |
_c1295 _d1295 |
||